| 000 | 00450pab a2200181 454500 | ||
|---|---|---|---|
| 008 | 180718b2008 xxu||||| |||| 00| 0 eng d | ||
| 100 | _aPandi, A. Pal | ||
| 245 | _aA model for global quality in technical institutions | ||
| 260 | _c2008 | ||
| 300 | _ap.14-18. | ||
| 362 | _a20 Oct | ||
| 650 | _aTechnological institutes | ||
| 700 | _aJeyathiagar, D. | ||
| 700 | _aRao, U. Surya | ||
| 773 | _aUniversity News | ||
| 908 | _aN | ||
| 909 | _a80087 | ||
| 999 |
_c80087 _d80087 |
||